01135 2200253 4500001002100000005001500021035002000036007000300056008004100059020002200100082001100122084001700133100002800150245010400178250000600282260004200288300002800330700003000358700003000388500006900418650001800487520035900505990001700864INLIS00000000000160720260430100010 a0010-1123000238ta260430 c 0 ind  a978-623-216-842-8 a612.89 a612.89 RUT s0 aRuth Owen ( Pengarang )1 aSaat Aku tidur :bAll about my body /cRuth Owen ; editor, Mark J. Sahner : alih bahasa, Andi Wahyu a- aJakarta :bBhuana Ilmu populer,c2020 a22 :bilus. ;c24 cme-0 aMark J. Sahner ( Editor )0 aAndi Wahyu ( Penerjemah ) aJudul asli : My Body Inside and out - What happens when i sleepy 4aTUBUH MANUSIA aSaat tidur, mungkin kamu merasa tidak beraktivitas apa pun. Faktanya, tubuhmu sibuk setiap malam, lho. Apa, sih, yang terjadi saat kita tidur? Apa saja manfaat tidur bagi tubuh kita? Pertanyaan-pertanyaan ini akan dijawab secara singkat dan jelas di dalam buku All About My Body: Saat Aku Tidur Yuk, cari tahu fakta-fakta menarik lainnya tentang tubuhmu! a00167/K/2022